000 00477nam a2200181Ia 4500
003 GCL
008 140319s9999 xx 000 0 eng d
040 _aGCL /
_cGCL
082 0 4 _a199.51
_bJ C
100 1 _aJINGPAN , CHEN
245 1 0 _aCONFUCIUS AS A TEACHER /
_cJINGPAN , CHEN
260 _a[S.N] :
_bFOREIGN LANGUAGES PUBLISHING HOUSE ،
_c1990
300 _a522 P
650 0 4 _aPHILOSOPHY
650 0 4 _aCONFUCIUS
650 0 4 _aCIVILIZATION, CHINESE
942 _2ddc
_cBK
999 _c14199
_d14199